000 00286nam a2200109Ia 4500
005 20251222114345.0
008 251222s1900||||xx |||||||||||||| ||spa||
082 _aDVD0080/Z32/1981
245 0 _aDa un paese lontano (Giovanni Paolo II)
264 _bRadiotelevisione Italiana
942 _cDVD
999 _c1017
_d1017